Jan Vermeer van Delft (Record no. 5017)

MARC details
000 -CABECERA
campo de control de longitud fija 00742nam a2200229 a 4500
001 - NÚMERO DE CONTROL
campo de control BRCA_5323
005 - FECHA Y HORA DE LA ÚLTIMA TRANSACCIÓN
campo de control 20190320205031.0
008 - DATOS DE LONGITUD FIJA--INFORMACIÓN GENERAL
campo de control de longitud fija 031210s1945----sz-a######---#000-0#ger-#
041 ## - CÓDIGO DE LENGUA
Código de lengua del texto/banda sonora o título independiente ger
044 ## - CÓDIGO DEL PAÍS DE LA ENTIDAD EDITORA/PRODUCTORA
Código MARC del país sz
050 #4 - SIGNATURA TOPOGRÁFICA DE LA BIBLIOTECA DEL CONGRESO
Número de clasificación ND653
Número de documento/Ítem .V75 1945
100 1# - ENTRADA PRINCIPAL--NOMBRE DE PERSONA
Nombre de persona Vries, A. B. de
9 (RLIN) 13653
245 10 - MENCIÓN DE TÍTULO
Título Jan Vermeer van Delft
Mención de responsabilidad, etc. A. B. de Vries.
260 ## - PUBLICACIÓN, DISTRIBUCIÓN, ETC.
Lugar de publicación, distribución, etc. Basilea, Suiza
Nombre del editor, distribuidor, etc. Holbein
Fecha de publicación, distribución, etc. 1945
300 ## - DESCRIPCIÓN FÍSICA
Extensión 132 p.
Otras características físicas il., 68 láminas
Dimensiones 27 cm.
500 ## - NOTA GENERAL
Nota general Incluye firmas de Vermeer, índice de ilustraciones, índice de las obras realizadas, índice onomástico e índice de museos
504 ## - NOTA DE BIBLIOGRAFÍA, ETC.
Nota de bibliografía, etc. Bibliografía: p. 125-[128]
600 14 - PUNTO DE ACCESO ADICIONAL DE MATERIA--NOMBRE DE PERSONA
Nombre de persona Vermeer, Johannes
Fechas asociadas al nombre 1632-1675
9 (RLIN) 13654
650 14 - PUNTO DE ACCESO ADICIONAL DE MATERIA--TÉRMINO DE MATERIA
Término de materia o nombre geográfico como elemento de entrada Pintores holandeses
9 (RLIN) 13655
902 ## - CATALOGADOR
Iniciales GFM
942 ## - ELEMENTOS DE PUNTO DE ACCESO ADICIONAL (KOHA)
Fuente del sistema de clasificación o colocación Library of Congress Classification
Tipo de ítem Koha Libros
Holdings
Estado de retiro Estado de pérdida Estado dañado No para préstamo Localización permanente Ubicación/localización actual Fecha de adquisición Total de préstamos Signatura topográfica completa Código de barras Fecha visto por última vez Precio válido a partir de Tipo de ítem Koha
El ejemplar forma parte de la colección y puede ser consultado según las políticas vigentes.       Biblioteca del Museo Franz Mayer (Rogerio Casas-Alatriste) Biblioteca del Museo Franz Mayer (Rogerio Casas-Alatriste) 03/12/2010   ND653 .V75 1945 5758 22/03/2019 22/03/2019 Libros